000 01067nam a2200277 a 4500
005 20150902091831.0
008 150901r20002014mx a b 000 0 spa d
020 _a9789700722610 (tela)
020 _a9789700722887 (rústica)
040 _aCO-BoUCM
_bspa
_cDavid Avila
_dDavid Avila
041 0 _aspa
100 1 _aArciniegas, Germán
_d1900-1999
_971221
245 1 0 _aBiografía del Caribe
_cGermán Arciniegas
250 _aTercera edición
260 _aMéxico
_bEditorial Porrúa
_c2000
300 _a404 páginas
_bilustraciones
_c22 cm.
490 0 _a"Sepan cuantos-- "
_v406
500 _aEjemplares 3 y 4 dicen cuarta edición, son reimpresiones de 2014.
504 _aIncluye referencias bibliográficas
505 0 _aEl siglo de oro -- El siglo de plata -- El siglo de las luces -- El siglo de la libertad.
651 0 _aCaribe (Región)
_xHistoria
_971222
651 0 _aAntillas (Federación)
_xHistoria
_971223
690 _942842
_aHistoria de América
942 _2DEWEY
_a21
_cLIBRO
_e1
_h972.9
_mA72b
999 _c301063
_d301063